000 00765nam a2200217Ia 4500
999 _c49111
_d49111
003 GCL
005 20240530104612.0
008 140319s9999 xx 000 0 ara d
040 _aGCL /
_cGCL
082 0 4 _a624.1 \
_bع م
100 0 _aعماد درويش
245 1 0 _aالمرجع الشامل فى الهندسة الانشائية : المنشآت الرقيقة ج 2 /
_cعماد درويش
300 _a130 ص
490 _aالمرجع الشامل فى الهندسة الانشائية
_v0
650 0 4 _aالهندسة
650 0 4 _aالهندسة الانشائية
650 0 4 _aالتحليل الانشائى
650 0 4 _aالمنشآت الهندسية
650 0 4 _aالهندسة الانشائية - تصميمات
942 _2ddc
_cBK